Ministerial Ethics (Record no. 11009)

MARC details
000 -LEADER
fixed length control field 00628nam a2200241 a 4500
001 - CONTROL NUMBER
control field 0001-1009
003 - CONTROL NUMBER IDENTIFIER
control field ELIB.Books
008 - FIXED-LENGTH DATA ELEMENTS--GENERAL INFORMATION
fixed length control field 141021 2010 eng
020 ## - INTERNATIONAL STANDARD BOOK NUMBER
International Standard Book Number 10: 0801027551
035 ## - SYSTEM CONTROL NUMBER
System control number (ELIB.Books)0001-1163
092 ## - LOCALLY ASSIGNED DEWEY CALL NUMBER (OCLC)
Classification number 241
Item number Tru
100 ## - MAIN ENTRY--PERSONAL NAME
Personal name Trull, Joe E.
245 ## - TITLE STATEMENT
Title Ministerial Ethics
Remainder of title Moral Formation for Church Leaders
250 ## - EDITION STATEMENT
Edition statement Second Edition
260 ## - PUBLICATION, DISTRIBUTION, ETC. (IMPRINT)
Place of publication, distribution, etc. Grand Rapids
Name of publisher, distributor, etc. Baker Academic
Date of publication, distribution, etc. 2004
300 ## - PHYSICAL DESCRIPTION
Extent 288
Dimensions 20.5 Cm
650 ## - SUBJECT ADDED ENTRY--TOPICAL TERM
Topical term or geographic name as entry element Ethics
856 ## - ELECTRONIC LOCATION AND ACCESS
Name of location of host KBTS; Library
Uniform Resource Identifier <a href="KBTS; Elib.">KBTS; Elib.</a>
942 ## - ADDED ENTRY ELEMENTS (KOHA)
Source of classification or shelving scheme Dewey Decimal Classification
Koha item type Books
990 ## - EQUIVALENCES OR CROSS-REFERENCES [LOCAL, CANADA]
Link information for 9XX fields 1
998 ## - LOCAL CONTROL INFORMATION (RLIN)
Cataloger's initials, CIN (RLIN) bat
-- 2014-10-21
Holdings
Withdrawn status Lost status Source of classification or shelving scheme Damaged status Not for loan Home library Current library Date acquired Total Checkouts Barcode Date last seen Bill Date Koha item type
    Dewey Decimal Classification     Karen Baptist Theological Seminary Library Karen Baptist Theological Seminary Library 21/10/2014   15272 22/01/2022 22/01/2022 Books
Implemented & Customized by: BestBookBuddies

Powered by Koha